[Event "Podgorica"]
[Site "Podgorica"]
[Date "1991.??.??"]
[Round "3"]
[White "Engqvist, Thomas"]
[Black "Pajkovic, Vladimir"]
[Result "1-0"]
[WhiteElo "2355"]
[BlackElo "2415"]

1.d4 Nf6 2.c4 e6 3.Nf3 Bb4+ 4.Bd2 a5 5.g3 d6 6.Bg2 Nbd7 7.O-O e5 8.Bg5 exd4
9.Nxd4 Ne5 10.Qc2 h6 11.Bc1 O-O 12.b3 Re8 13.Bb2 Bc5 14.Nd2 c6 15.h3 Bd7
16.Rad1 a4 17.Nb1 axb3 18.axb3 Qc8 19.Kh2 Nh7 20.f4 Ng6 21.e4 Nf6 22.Nc3 h5
23.f5 Ne5 24.Qd2 Qc7 25.Ra1 Rxa1 26.Rxa1 h4 27.g4 d5 28.Kh1 dxe4 29.Nce2 e3
30.Qc3 Qd6 31.g5 Bb4 32.Qc2 Nfg4 33.hxg4 Nxg4 34.Nf3 Nf2+ 35.Kg1 h3 36.Bf1 Re4
37.Ra8+ Be8 38.Qxe4 Nxe4 39.Rxe8+ Kh7 40.Rxe4 Qd3 41.g6+ fxg6 42.Ng5+ Kg8
43.Re8+  1-0

[Event "Porz op27"]
[Site "Porz"]
[Date "1991.??.??"]
[Round "1"]
[White "Maass, Alejandro"]
[Black "Waagener, Ulrich"]
[Result "0-1"]
[WhiteElo "2275"]
[BlackElo "2280"]

1.d4 Nf6 2.Nf3 e6 3.c4 Bb4+ 4.Bd2 Qe7 5.e3 Bxd2+ 6.Nbxd2 d6 7.Bd3 e5 8.Qc2 Bg4
9.Bf5 Bxf3 10.Nxf3 O-O 11.O-O Nc6 12.dxe5 dxe5 13.Rfd1 e4 14.Nd4 Nb4 15.Qc3 c5
16.Ne2 g6 17.Bh3 Rad8 18.a3 Nd3 19.Rd2 Rd6 20.Rad1 Rfd8 21.g3 Ne5 22.Bg2 Rxd2
23.Rxd2 Rxd2 24.Qxd2 Nxc4 25.Qc2 b5 26.Nc3 a6 27.Bf1 Ne5 28.Be2 Nf3+ 29.Kg2 Ne1+  0-1

[Event "Porz op26"]
[Site "Porz"]
[Date "1991.??.??"]
[Round "4"]
[White "Kalinitschew, Sergey"]
[Black "Drasko, Milan"]
[Result "1-0"]
[WhiteElo "2430"]
[BlackElo "2495"]

1.d4 Nf6 2.Nf3 e6 3.c4 Bb4+ 4.Bd2 Qe7 5.g3 Nc6 6.Nc3 Bxc3 7.Bxc3 Ne4 8.Qc2 Nxc3
9.Qxc3 O-O 10.Bg2 a5 11.O-O d6 12.d5 Nb8 13.dxe6 fxe6 14.Rac1 Nd7 15.Nd2 Ra7
16.b3 b6 17.a3 Bb7 18.Bxb7 Rxb7 19.b4 Qf6 20.Qe3 axb4 21.axb4 Ra7 22.Ne4 Qe5
23.f4 Qf5 24.Ng5 Re8 25.Ra1 Rxa1 26.Rxa1 e5 27.c5 d5 28.cxb6 Nxb6 29.Ra7 Nc4
30.Qd3 e4 31.Qd4 Rc8 32.Kg2 h6 33.Nh3 Nd6 34.Qc5 Qf7 35.Nf2 Nf5 36.Ng4 d4
37.Ne5 Qh5  1-0

[Event "Bohemians"]
[Site "Prague"]
[Date "1991.??.??"]
[Round "11"]
[White "Vokac, Marek"]
[Black "Walti, Rolf"]
[Result "1-0"]
[WhiteElo "2455"]
[BlackElo "2300"]

1.d4 e6 2.Nf3 Nf6 3.c4 Bb4+ 4.Bd2 Qe7 5.g3 Nc6 6.Bg2 Bxd2+ 7.Nbxd2 d6 8.O-O a5
9.e4 e5 10.d5 Nb8 11.Ne1 h5 12.Nd3 h4 13.f4 hxg3 14.hxg3 Ng4 15.Qe2 Nh2 16.Rfe1 Bg4
17.Qf2 Nd7 18.c5 Nxc5 19.Nxc5 dxc5 20.Rac1 b6 21.Nc4 f6 22.d6 cxd6 23.Nxb6 Rb8
24.Nd5 Qb7 25.f5 Kf7 26.Rc2 Qa6 27.Qe3 Rh6 28.Rec1 Rbh8 29.Qb3 a4 30.Qc3 Kf8
31.b4 Rh3 32.bxc5 Nf3+ 33.Kf2 Rh2 34.Ne3 Rxg2+ 35.Nxg2 Ng5 36.Qc4 Qc6 37.Nh4 Rxh4
38.gxh4 Nxe4+ 39.Ke1 d5 40.Qb4 d4 41.Rb1 Bxf5 42.Qb8+ Kf7 43.Rb6 Qd5 44.Qc7+ Kg6
45.Rg2+ Ng5 46.Rxg5+  1-0

[Event "Ptuj"]
[Site "Ptuj"]
[Date "1991.??.??"]
[Round "7"]
[White "Rajkovic, Dusan"]
[Black "Baumgartner, Heinz"]
[Result "1/2-1/2"]
[WhiteElo "2495"]
[BlackElo "2345"]

1.d4 Nf6 2.c4 e6 3.Nf3 Bb4+ 4.Bd2 Bxd2+ 5.Qxd2 d5 6.g3 Nbd7 7.Bg2 c6 8.Qc2 O-O
9.O-O b6 10.Nbd2 Bb7 11.e4 dxe4 12.Nxe4 c5 13.Nd6 Bc6 14.Rfd1 cxd4 15.Rxd4 Qc7
16.Rad1 Nc5 17.Ne5 Bxg2 18.Kxg2 Nb7 19.Qa4 Nxd6 20.Rxd6 Rac8 21.Nd7 Ne4 22.R6d4 Qb7
23.f3 Nc5 24.Qb5 Nxd7 25.Rxd7 Rc7 26.Rxc7 Qxc7 27.Rd7 Qb8 28.b4 g6 29.c5 bxc5
30.Qxc5 a6 31.a4 Rc8 32.Qe7 Rf8 33.Qd6 Qxd6 34.Rxd6 Rb8 35.Rd4 e5 36.Rc4 Kf8
37.Kf2 Ke7 38.g4 f5 39.gxf5 gxf5 40.Rh4 Kf6 41.a5 Kg6 42.Rc4 Kg5 43.Ke3 Rd8
44.f4+ exf4+ 45.Rxf4 Re8+ 46.Kf3 Rc8 47.h4+ Kf6 48.Rd4 Ke5 49.Rd7 Rc3+ 50.Kf2 h5
51.Rh7  1/2-1/2

[Event "Quebec"]
[Site "Quebec"]
[Date "1991.??.??"]
[Round "3"]
[White "Ross, David"]
[Black "Berube, Richard"]
[Result "1/2-1/2"]
[WhiteElo "2330"]
[BlackElo "2260"]

1.d4 Nf6 2.Nf3 e6 3.c4 Bb4+ 4.Bd2 c5 5.Bxb4 cxb4 6.g3 b6 7.Bg2 Bb7 8.O-O O-O
9.Qb3 Qe7 10.Nbd2 d5 11.Rfc1 dxc4 12.Nxc4 Nc6 13.Nce5 Rac8 14.Nxc6 Bxc6 15.Ne5 Bxg2
16.Kxg2 Qd6 17.e3 a5 18.f3 Nd5 19.e4 Ne7 20.Qe3 Rfd8 21.Rxc8 Rxc8 22.Rc1 Rxc1
23.Qxc1 Qxd4 24.Qc7 Qd2+ 25.Kh3 Qh6+ 26.Kg2  1/2-1/2

[Event "Rimavska Sobota"]
[Site "Rimavska Sobota"]
[Date "1991.??.??"]
[Round "7"]
[White "Gross, Stefan"]
[Black "Hracek, Zbynek"]
[Result "1/2-1/2"]
[WhiteElo "2435"]
[BlackElo "2485"]

1.d4 Nf6 2.Nf3 e6 3.c4 Bb4+ 4.Bd2 Qe7 5.g3 Nc6 6.Bg2 Bxd2+ 7.Nbxd2 d6 8.O-O O-O
9.e4 e5 10.d5 Nb8 11.Ne1 a5 12.Nd3 Na6 13.Qe2 Bd7 14.f4 Nb4 15.Nxb4 axb4
16.f5  1/2-1/2

[Event "Santa Clara"]
[Site "Santa Clara"]
[Date "1991.??.??"]
[Round "8"]
[White "Borges Mateos, Juan"]
[Black "Ulibin, Mikhail"]
[Result "1/2-1/2"]
[WhiteElo "2385"]
[BlackElo "2565"]

1.d4 e6 2.Nf3 Nf6 3.c4 Bb4+ 4.Bd2 Qe7 5.g3 Nc6 6.Bg2 Bxd2+ 7.Nbxd2 d6 8.O-O a5
9.e4 e5 10.d5 Nb8 11.Ne1 h5 12.h4 Bg4 13.Qb3 Nbd7 14.f3 Nc5 15.Qa3 Bd7 16.b4 Na4
17.b5 Nc5 18.Nb3 b6 19.Nxc5 bxc5 20.Nd3 O-O 21.Rae1 Rfe8 22.Qc3 g6 23.f4 Ng4
24.Bf3 f6 25.Bxg4 Bxg4 26.a4 Kg7 27.Rf2 Rf8 28.Kh2 Rfe8 29.Ref1 exf4 30.Rxf4 Rf8
31.R1f2 Bd1 32.Nb2 Bg4 33.Nd3 Bd1 34.Qa1 Bg4 35.Qc3 Bd1  1/2-1/2

[Event "Skopje"]
[Site "Skopje"]
[Date "1991.??.??"]
[Round "1"]
[White "Inkiov, Ventzislav"]
[Black "Popchev, Milko"]
[Result "1/2-1/2"]
[WhiteElo "2475"]
[BlackElo "2450"]

1.d4 e6 2.c4 Nf6 3.Nf3 Bb4+ 4.Bd2 Qe7 5.g3 O-O 6.Bg2 Bxd2+ 7.Nbxd2 d6 8.O-O e5
9.e4 c5 10.d5 Bg4 11.Qc2 Bxf3 12.Nxf3 g6 13.Nd2 Nbd7 14.Rae1 Nh5 15.Qc3 Ng7  1/2-1/2

[Event "Skopje"]
[Site "Skopje"]
[Date "1991.??.??"]
[Round "3"]
[White "Inkiov, Ventzislav"]
[Black "Rashkovsky, Nukhim N"]
[Result "1/2-1/2"]
[WhiteElo "2475"]
[BlackElo "2535"]

1.d4 Nf6 2.c4 e6 3.Nf3 Bb4+ 4.Bd2 Qe7 5.g3 Nc6 6.Bg2 Bxd2+ 7.Nbxd2 a5 8.O-O d6
9.e4 e5 10.d5 Nb8 11.Ne1 O-O 12.b3 Na6 13.a3 c6 14.Nd3  1/2-1/2

[Event "SLO-ch"]
[Site "SLO"]
[Date "1991.??.??"]
[Round "?"]
[White "Kecic, Stevan"]
[Black "Krumpacnik, Domen"]
[Result "0-1"]
[WhiteElo "2265"]
[BlackElo "2355"]

1.d4 Nf6 2.c4 e6 3.Nf3 Bb4+ 4.Bd2 Qe7 5.e3 O-O 6.Bd3 Bxd2+ 7.Qxd2 d6 8.Nc3 e5
9.Bc2 Bg4 10.h3 Bxf3 11.gxf3 exd4 12.Qxd4 Nc6 13.Qh4 Ne5 14.Bxh7+ Kh8 15.Be4+ Kg8
16.Nd5 Nxf3+ 17.Bxf3 Nxd5 18.Qd4 Nb4 19.Qc3 Nc6 20.Bxc6 bxc6 21.O-O-O Rfe8
22.Rd4 Qf6 23.Qc2 Re5 24.Rf4 Qe6 25.Rg4 Kf8 26.Rh4 Ke7 27.Rg1 Rxe3 28.Kd1 Re5
29.Rh7 Rg8 30.Qc3 Qf5 31.Rgxg7 Rxg7 32.Rxg7 Qb1+ 33.Kd2 Qe1+ 34.Kd3 Qe2+  0-1

[Event "SLO-ch"]
[Site "SLO"]
[Date "1991.??.??"]
[Round "?"]
[White "Tratar, Marko"]
[Black "Gostisa, Leon"]
[Result "1-0"]
[WhiteElo "2340"]
[BlackElo "2430"]

1.d4 Nf6 2.c4 e6 3.Nf3 Bb4+ 4.Bd2 Qe7 5.g3 Nc6 6.Bg2 Bxd2+ 7.Nbxd2 d6 8.e4 e5
9.d5 Nb8 10.O-O O-O 11.Ne1 a5 12.Nd3 c6 13.f4 cxd5 14.cxd5 Nbd7 15.f5 b6
16.Re1 Ba6 17.Nf2 Rfc8 18.g4 h6 19.Bf1 Bxf1 20.Kxf1 b5 21.Nf3 Rc4 22.Rc1 Rac8
23.Rxc4 Rxc4 24.Nd2 Rd4 25.Qe2 Nc5 26.Rc1 Qa7 27.Rc2 Qb6 28.h4 g6 29.fxg6 fxg6
30.h5 g5 31.Qf3 Qd8 32.Qf5 Qf8 33.Nb3 Nfxe4 34.Qxf8+ Kxf8 35.Nxd4 exd4 36.Nxe4 Nxe4
37.Rc8+ Kf7 38.Rh8 Kg7 39.Re8 Nf6 40.Re7+ Kf8 41.Re6 Nxg4 42.Rxd6 Ne3+ 43.Ke2 Nc4
44.Rxh6 Nxb2 45.d6 Nc4 46.Kd3  1-0

[Event "Smolensk"]
[Site "Smolensk"]
[Date "1991.??.??"]
[Round "?"]
[White "Ruban, Vadim"]
[Black "Makarov, Marat"]
[Result "1/2-1/2"]
[WhiteElo "2570"]
[BlackElo "2480"]

1.d4 Nf6 2.c4 e6 3.Nf3 Bb4+ 4.Bd2 a5 5.g3 O-O 6.Bg2 d5 7.Qb3 Be7 8.O-O c6
9.Rc1 Nbd7 10.Be1 b6 11.cxd5 cxd5 12.Nc3 Ba6 13.Nb5 Rc8 14.Bd2 Ne4 15.Bf4 Rxc1+
16.Rxc1 Ndc5 17.dxc5 Nxc5 18.Rxc5 bxc5 19.a4 Qb6 20.e4 c4 21.Qc3 Bxb5 22.axb5 Qxb5
23.exd5 Qxd5 24.Nd2 Bf6 25.Qxc4 Qxc4 26.Nxc4 Rd8 27.b3 Rd1+ 28.Bf1 Ra1 29.Kg2 a4
30.bxa4 Rxa4  1/2-1/2

[Event "Belavenets mem op"]
[Site "Smolensk"]
[Date "1991.??.??"]
[Round "?"]
[White "Magerramov, Elmar"]
[Black "Aleksandrov, Aleksej"]
[Result "0-1"]
[WhiteElo "2560"]
[BlackElo "2450"]

1.d4 Nf6 2.c4 e6 3.Nf3 Bb4+ 4.Bd2 a5 5.g3 d5 6.a3 Be7 7.Bg2 c6 8.Qc2 b6 9.Bf4 Ba6
10.Nbd2 Nbd7 11.O-O O-O 12.Rfe1 c5 13.e4 dxc4 14.d5 exd5 15.exd5 Nxd5 16.Nxc4 Nxf4
17.gxf4 Bf6 18.Rad1 Qc7 19.Nfe5 Rad8 20.Nxd7 Rxd7 21.Rxd7 Qxd7 22.Nxb6 Qd8
23.Nd5 Bd4 24.Qd2 a4 25.Ne7+ Kh8 26.Nc6 Qd6 27.h3 h6 28.Rd1 Re8 29.Re1 Rc8
30.Ne7 Rb8 31.Nf5 Qf6 32.Nxd4 cxd4 33.Rc1 Rb6 34.Re1 d3 35.Qa5 Rxb2 36.Qc5 Re2
37.Rb1 Qxf4  0-1

[Event "EUCup final"]
[Site "Solingen"]
[Date "1991.??.??"]
[Round "2"]
[White "Vladimirov, Evgeny"]
[Black "Spassky, Boris V"]
[Result "1/2-1/2"]
[WhiteElo "2575"]
[BlackElo "2560"]

1.d4 Nf6 2.c4 e6 3.Nf3 Bb4+ 4.Bd2 Bxd2+ 5.Qxd2 d5 6.Qc2 O-O 7.Nbd2 b6 8.cxd5 exd5
9.Rc1 c5 10.dxc5 Nc6 11.g3 Nb4 12.Qa4 bxc5 13.a3 Bd7 14.Qd1 Nc6 15.Bg2 Qb6
16.Qc2 Rac8 17.O-O Nd4 18.Nxd4 cxd4 19.Qb3 Bb5 20.Rxc8 Rxc8 21.Re1 Ba6 22.Qxb6 axb6
23.Nf3 d3  1/2-1/2

[Event "St Ingbert op"]
[Site "St Ingbert"]
[Date "1991.??.??"]
[Round "7"]
[White "Komnenic, Branko"]
[Black "Inkiov, Ventzislav"]
[Result "1/2-1/2"]
[WhiteElo "2290"]
[BlackElo "2475"]

1.d4 Nf6 2.c4 e6 3.Nf3 Bb4+ 4.Bd2 Qe7 5.g3 O-O 6.Bg2 Bxd2+ 7.Qxd2 d6 8.Nc3 e5
9.h3 Re8 10.O-O e4 11.Ne1 c6 12.d5 c5 13.Nc2 Nbd7 14.f4 Nf8 15.Ne3 h5 16.a3 Bd7
17.b4 b6 18.Rab1 Qd8 19.bxc5 bxc5 20.Nb5 Bxb5 21.Rxb5 Rb8 22.Rfb1 Rxb5 23.cxb5 h4
24.g4 Ng6 25.Rf1 a6 26.a4 axb5 27.axb5 Nd7 28.Nc4 Nb6 29.Na5 e3 30.Qc3 Na4
31.Qe1 Qf6 32.g5 Qd4 33.Nc6 Qd2 34.f5 Qxe1 35.Rxe1 Nf4 36.Kf1 Ra8 37.Ra1 Nb6
38.Rxa8+ Nxa8 39.Ne7+ Kf8 40.Nc8 c4 41.Be4 Nc7 42.b6 Na6 43.Nxd6 c3 44.Ke1 Nxd5
45.b7 Nf4 46.Nc4 Nxh3 47.Nxe3 Nxg5 48.Bd3 Nb8 49.Nd1 Ke7 50.Nxc3 Kd6 51.Ne4+ Nxe4
52.Bxe4 Kc7 53.Bd5 Nd7 54.Bxf7 Kxb7 55.Kf2 Kc7 56.Kg2 Kd6 57.Kh3 Ke5 58.Bg6 Kf6
59.Kxh4 Ne5 60.Bh7 Nc4 61.Kg4 Ne5+ 62.Kf4 Nc6 63.e4 Ne5  1/2-1/2

[Event "St Ingbert op"]
[Site "St Ingbert"]
[Date "1991.??.??"]
[Round "9"]
[White "Farago, Ivan"]
[Black "Tangborn, Eric"]
[Result "1-0"]
[WhiteElo "2495"]
[BlackElo "2355"]

1.d4 Nf6 2.c4 e6 3.Nf3 Bb4+ 4.Bd2 a5 5.g3 d6 6.Bg2 Nbd7 7.O-O e5 8.Bc1 exd4
9.Nxd4 O-O 10.b3 Re8 11.a3 Bc5 12.Nc3 c6 13.Bb2 Nb6 14.Rc1 a4 15.Nxa4 Nxa4
16.bxa4 Nd7 17.e3 Qb6 18.Qc2 Ne5 19.Nb3 Bf5 20.e4 Be6 21.Nxc5 Qxc5 22.Rfd1 f6
23.Rd4 Bg4 24.Qb3 Ra6 25.a5 Rxa5 26.h3 Be6 27.Kh2 b5 28.Rd5 cxd5 29.cxd5 Qxf2
30.dxe6 Nc4 31.Rc2 Qa7 32.Bc3 Qe3 33.a4 Ne5 34.e7+ Kh8 35.Qd5 Nf3+ 36.Bxf3 Qxf3
37.Bxa5  1-0

[Event "FIN-ch"]
[Site "Tampere"]
[Date "1991.??.??"]
[Round "11"]
[White "Manninen, Marko"]
[Black "Raaste, Eero J"]
[Result "1-0"]
[WhiteElo "2310"]
[BlackElo "2370"]

1.d4 Nf6 2.c4 e6 3.Nf3 Bb4+ 4.Bd2 Qe7 5.Qc2 Bxd2+ 6.Nbxd2 d6 7.Rc1 O-O 8.c5 Nc6
9.e4 e5 10.d5 Nd4 11.Nxd4 exd4 12.cxd6 cxd6 13.Be2 Re8 14.O-O Nxe4 15.Bb5 Nxd2
16.Qxd2 Bd7 17.Rc7 Bxb5 18.Rxe7 Rxe7 19.Rd1 Rae8 20.h4 d3 21.Qb4 Ba6 22.Qxd6 h5
23.Kh2 g6 24.b4 Bc4 25.a4 b5 26.Qc6 Re5 27.d6 Rd8 28.Qc7 Ree8 29.d7 Rf8 30.a5  1-0

[Event "Torcy op"]
[Site "Torcy"]
[Date "1991.??.??"]
[Round "?"]
[White "Bouaziz, Slim"]
[Black "Inkiov, Ventzislav"]
[Result "0-1"]
[WhiteElo "2380"]
[BlackElo "2475"]

1.d4 Nf6 2.c4 e6 3.Nf3 Bb4+ 4.Bd2 Qe7 5.Qc2 Bxd2+ 6.Qxd2 d6 7.Nc3 O-O 8.g3 e5
9.Bg2 Re8 10.e4 Bg4 11.d5 Bxf3 12.Bxf3 c5 13.O-O a6 14.a4 Nbd7 15.Bg2 g6
16.f4 exf4 17.gxf4 Nh5 18.Bh3 Rad8 19.Rf3 Qf6 20.Qf2 Qd4 21.Bf1 Ndf6 22.Bd3 Ng4
23.Qxd4 cxd4 24.Ne2 Ngf6 25.Nxd4 Nxe4 26.a5 Rc8 27.Rd1 Nef6 28.b4 Ng4 29.Nc2 Re7
30.Re1 Rxe1+ 31.Nxe1 Re8 32.Ng2 Ngf6 33.Rf2 Kf8 34.Re2 Rc8 35.h3 Rc7 36.Kf2 h6
37.Kf3 g5 38.Rc2 Nd7 39.fxg5 hxg5 40.Bf1 f5 41.Ne3 Ne5+ 42.Kf2 f4 43.Nf5 Nf6
44.Nxd6 Nxd5 45.Re2 Ne3 46.Rxe3 fxe3+ 47.Kxe3 Nc6 48.Bg2 Re7+ 49.Be4 Nxb4
50.Nxb7 Nc6 51.Nc5 Nxa5 52.Kd4 Kg7 53.Bd5 Kf6 54.Nxa6 Nb3+ 55.Kc3 Re3+ 56.Kb4 Ke5
57.Ba8 Rxh3 58.c5 Nd4 59.c6 Ne6 60.c7 Rh8 61.Bb7 Nxc7  0-1

[Event "Tuzla"]
[Site "Tuzla"]
[Date "1991.??.??"]
[Round "1"]
[White "Blagojevic, Dragisa"]
[Black "Sinanovic, Muhamed"]
[Result "1-0"]
[WhiteElo "2425"]
[BlackElo "2435"]

1.d4 Nf6 2.c4 e6 3.Nf3 Bb4+ 4.Bd2 Qe7 5.g3 O-O 6.Bg2 Bxd2+ 7.Qxd2 d6 8.Nc3 e5
9.O-O a5 10.Rac1 Bg4 11.Nd5 Nxd5 12.cxd5 Bxf3 13.Bxf3 exd4 14.a3 d3 15.exd3 Nd7
16.Rfe1 Ne5 17.Bg2 Qd7 18.d4 Ng6 19.Re3 b6 20.Qc2 Ra7 21.Rce1 Qg4 22.Re4 Qf5
23.Qc6 h5 24.h4 Rd8 25.Re8+ Rxe8 26.Qxe8+ Kh7 27.Qb8 Ra6 28.Qb7 Qd3 29.Bf1 Qd2
30.Re2  1-0

[Event "Vienna"]
[Site "Vienna"]
[Date "1991.??.??"]
[Round "1"]
[White "Schroll, Gerhard"]
[Black "Fauland, Alexander"]
[Result "1/2-1/2"]
[WhiteElo "2370"]
[BlackElo "2475"]

1.d4 Nf6 2.c4 e6 3.Nf3 Bb4+ 4.Bd2 a5 5.g3 O-O 6.Bg2 d5 7.Qc2 Nc6 8.O-O Re8
9.Bg5 h6 10.Bxf6 Qxf6 11.Rd1 dxc4 12.Qxc4 e5 13.a3 Bd6 14.d5 Nd4 15.Nc3 b5
16.Qd3 Bf5 17.Ne4 Qe7 18.Nfd2 Bg4 19.Re1 Bd7 20.e3 Nf5 21.Rec1 g6 22.Nb3 Reb8
23.Nbc5 Be8 24.b4 Ng7 25.Nxd6 cxd6 26.Nb3 axb4 27.axb4 Bd7 28.Na5 Ne8 29.Nc6 Bxc6
30.dxc6 Nc7 31.Rxa8 Rxa8 32.Rd1 Rd8 33.Bd5 Qf6 34.e4 Ra8 35.Bb3 Rd8 36.Ra1 Kg7
37.Ra7 Rc8 38.Kg2 h5 39.h4 Qd8 40.Qf3 Qe8 41.Bd5 Qe7 42.Qa3 Kf8 43.Qe3 Kg7
44.Qb6 Qd8 45.Qb7 Kf8 46.Bb3 Kg7 47.Kg1 Kf6 48.Bc2 Qe8 49.Bd3 Ne6 50.Bxb5 Rc7
51.Qb6 Rxa7 52.Qxa7 Nd4 53.Ba4 Qe6 54.c7 Qc4 55.Bd1 Qc1 56.Kg2 Ne6 57.b5 Nxc7
58.b6 Nb5 59.Qa8 Qxd1 60.Qd5 Nd4 61.Qxd6+ Kg7 62.Qxe5+  1/2-1/2

[Event "Vienna op"]
[Site "Vienna"]
[Date "1991.??.??"]
[Round "5"]
[White "Lobron, Eric"]
[Black "Robatsch, Karl"]
[Result "1-0"]
[WhiteElo "2540"]
[BlackElo "2410"]

1.d4 Nf6 2.Nf3 e6 3.c4 Bb4+ 4.Bd2 Bxd2+ 5.Qxd2 b6 6.g3 Bb7 7.Bg2 c5 8.Nc3 cxd4
9.Qxd4 Nc6 10.Qf4 Qb8 11.Qg5 O-O 12.O-O Na5 13.b3 d5 14.cxd5 Nxd5 15.Rac1 Nxc3
16.Rxc3 Qd6 17.Rd3 Qa3 18.Qd2 Ba6 19.Rd4 Bb5 20.Ne5 Rac8 21.Rd1 Nc6 22.Bxc6 Bxc6
23.Nc4 Qe7 24.Nd6 Rc7 25.e4 f5 26.exf5 exf5 27.Re1 Qf6 28.Rc4 Rd8 29.Rd1 Qe6
30.Rc3 f4 31.Qxf4 Rf7 32.Re3 Rxf4 33.Rxe6 Rf7 34.Rc1 Rc7 35.Nb5  1-0

[Event "Vrnjacka Banja"]
[Site "Vrnjacka Banja"]
[Date "1991.??.??"]
[Round "12"]
[White "Kaspi, Alexander"]
[Black "Topalov, Veselin"]
[Result "0-1"]
[WhiteElo "2390"]
[BlackElo "2455"]

1.d4 e6 2.Nf3 Nf6 3.c4 Bb4+ 4.Bd2 a5 5.g3 b6 6.Bg2 Ba6 7.Qc2 O-O 8.O-O c6
9.Bf4 Be7 10.Nbd2 d5 11.b3 Nbd7 12.e4 Rc8 13.e5 Nh5 14.Be3 g6 15.Rfd1 Ng7
16.g4 f5 17.exf6 Bxf6 18.Rac1 Be7 19.Qb2 Bd6 20.Ne5 Qe7 21.Rc2 Nxe5 22.dxe5 Bc5
23.Nf1 Bxe3 24.Nxe3 Bb7 25.a3 Rf4 26.b4 axb4 27.axb4 h5 28.h3 hxg4 29.hxg4 Kh7
30.b5 c5 31.cxd5 exd5 32.Bxd5 Rd8 33.f3 Ne6 34.Rcc1 Ng5 35.Kg2 Nxf3 36.Rh1+ Kg7
37.Kg3 Rb4 38.Qc3 Nd4 39.Kg2 Rxd5  0-1

[Event "Warsaw Legion op"]
[Site "Warsaw"]
[Date "1991.??.??"]
[Round "4"]
[White "Nikolaev, Sergej"]
[Black "Rajskij, Eduard"]
[Result "1/2-1/2"]
[WhiteElo "2450"]
[BlackElo "2420"]

1.d4 Nf6 2.c4 e6 3.Nf3 Bb4+ 4.Bd2 a5 5.g3 d5 6.Qc2 c6 7.Bg2 b6 8.O-O Ba6
9.Bxb4 axb4 10.Nbd2 Nbd7 11.a3 bxa3 12.Rxa3 Bb7 13.Rxa8 Qxa8 14.b4 O-O 15.Qb2 Qb8
16.Rc1 Rc8 17.cxd5 cxd5 18.e3 Ne8  1/2-1/2

[Event "Wiesbaden op"]
[Site "Wiesbaden"]
[Date "1991.??.??"]
[Round "6"]
[White "Aseev, Konstantin N"]
[Black "Tangborn, Eric"]
[Result "1-0"]
[WhiteElo "2515"]
[BlackElo "2355"]

1.d4 Nf6 2.c4 e6 3.Nf3 Bb4+ 4.Bd2 a5 5.Nc3 d6 6.Qc2 Nbd7 7.g3 e5 8.Bg2 exd4
9.Nxd4 O-O 10.O-O Re8 11.Rad1 c6 12.h3 Qc7 13.e4 Ne5 14.b3 Ng6 15.Na4 Bxd2
16.Rxd2 Bd7 17.Rfd1 Rad8 18.Nc3 Bc8 19.Nde2 Re5 20.Rd4 Rh5 21.h4 Bg4 22.Qd2 Ne8
23.f3 Be6 24.Qe3 Ra8 25.R4d2 Qe7 26.Nd4 Ne5 27.Nxe6 Qxe6 28.Ne2 Qe7 29.Nd4 Nd7
30.f4 Ndf6 31.Bf3 Rc5 32.Qe2 Qc7 33.Nf5 d5 34.e5 dxc4 35.bxc4 g6 36.Ne3 Nh5
37.Bxh5 gxh5 38.Rd7 Qb8 39.Qxh5  1-0

[Event "Wuerttemberg-ch"]
[Site "Zell"]
[Date "1991.??.??"]
[Round "9"]
[White "Stobik, Dietrich"]
[Black "Holzhaeuer, Mathias"]
[Result "1/2-1/2"]
[WhiteElo "2245"]
[BlackElo "2325"]

1.d4 Nf6 2.c4 e6 3.Nf3 Bb4+ 4.Bd2 Qe7 5.g3 Nc6 6.Bg2 Bxd2+ 7.Nbxd2 d6 8.O-O a5
9.Rc1 e5 10.e3 O-O 11.d5 Nb4 12.a3 Nd3 13.Rc3 Nc5 14.b4 Nce4 15.Rc1 Bg4 16.Qc2 Nxd2
17.Nxd2 axb4 18.axb4 b6 19.c5 bxc5 20.bxc5 Nd7 21.cxd6 cxd6 22.h3 Be2 23.Rfe1 Bb5
24.Qc7 f5 25.Rc6  1/2-1/2

[Event "Zuerich op"]
[Site "Zuerich"]
[Date "1991.??.??"]
[Round "1"]
[White "Barbero, Gerardo F"]
[Black "Hirzel, Rene"]
[Result "1-0"]
[WhiteElo "2495"]
[BlackElo "2210"]

1.d4 Nf6 2.c4 e6 3.Nf3 Bb4+ 4.Bd2 a5 5.Nc3 b6 6.e3 Bb7 7.Bd3 Bxc3 8.Bxc3 Ne4
9.Bxe4 Bxe4 10.d5 f6 11.Qd4 Bg6 12.h4 h5 13.Qf4 Na6 14.Qg3 Kf7 15.O-O Nc5
16.Rad1 d6 17.Nd4 e5 18.Ne6 Qd7 19.f4 exf4 20.exf4 Nxe6 21.dxe6+ Qxe6 22.f5 Bxf5
23.Rde1 Qd7 24.Qf4 g6 25.Qd4 Qd8 26.Qd5+ Kg7 27.Re3 Qd7 28.Rxf5 gxf5 29.Rg3+ Kh7
30.Qf3  1-0

[Event "Ajka op"]
[Site "Ajka"]
[Date "1992.??.??"]
[Round "2"]
[White "Ryskin, Alexander"]
[Black "Fokin, Sergey"]
[Result "0-1"]
[WhiteElo "2445"]
[BlackElo "2340"]

1.d4 Nf6 2.c4 e6 3.Nf3 Bb4+ 4.Bd2 c5 5.g3 b6 6.Bg2 Bb7 7.O-O O-O 8.Nc3 cxd4
9.Nb5 Be7 10.Nbxd4 d6 11.Qa4 a6 12.Rfd1 Qc7 13.Ne1 Rc8 14.Rac1 Nbd7 15.Nd3 Ne4
16.Be3 Nec5 17.Nxc5 bxc5 18.Nf3 Be4 19.Bf4 Rab8 20.Rd2 Rb6 21.Rcd1 Nf6 22.Qa5 Ne8
23.g4 Rcb8 24.b3 Qb7 25.Ne1 h6 26.Bxe4 Qxe4 27.Ng2 Qc6 28.f3 Rb4 29.Ne3 Bd8
30.Qa3 Bc7 31.Nc2 R4b7 32.Qc1 Rd8 33.e4 Rd7 34.Rd3 Ba5 35.Qe3 e5 36.Bg3 Bd8
37.h4 Re7 38.Qd2 Re6 39.Ne3 g6 40.Nd5 Kg7 41.Ne3 a5 42.Qc3 Kh7 43.a4 Ra7
44.Qc2 Be7 45.Nd5 Bf8 46.Be1 Qc8 47.Qh2 Qd8 48.Ne3 Be7 49.Bg3 Qb8 50.Nd5 Bd8
51.Re3 Rb7 52.Qc2 Ng7 53.f4 exf4 54.Nxf4 Re8 55.Qd3 Bf6 56.Ne2 Be5 57.Rf1 Qc8
58.Qd5 Ree7 59.g5 Qg4 60.Rf2 hxg5 61.Rg2 Qd7 62.hxg5 Nh5 63.Bxe5 Rxe5 64.Qd2 Qe7
65.Rf3 Rxe4 66.Nc3 Rd4 67.Qf2 Qe8 68.Qf1 Qe6 69.Nd5 Re4 70.Rgf2 Kg8 71.Qh3 Qxh3
72.Rxh3 Re5 73.Nf6+ Kg7 74.Nxh5+ gxh5 75.Rxh5 Rxb3 76.Rd2 Rc3 77.Rxd6 Rxc4
78.Rdh6 Re2 79.Rh7+ Kf8 80.Kf1 Ra2  0-1

[Event "Ajka op"]
[Site "Ajka"]
[Date "1992.??.??"]
[Round "4"]
[White "Petran, Pal"]
[Black "Neverov, Anatoly"]
[Result "1/2-1/2"]
[WhiteElo "2485"]
[BlackElo "2295"]

1.d4 Nf6 2.c4 e6 3.Nf3 Bb4+ 4.Bd2 a5 5.g3 d6 6.Bg2 Nbd7 7.Qc2 e5 8.Nc3 O-O
9.O-O Re8 10.dxe5 dxe5 11.Rad1 c6 12.Bc1 Qc7 13.b3 Bf8 14.Bb2 Nc5 15.Nd2 Qb6
16.Rb1 a4 17.bxa4 Qa6 18.Ba3 Nxa4 19.Bxf8 Nxc3 20.Qxc3 Kxf8 21.Qb4+ Re7 22.Rb2 Qa3
23.Qxa3 Rxa3 24.Nb3 Ke8 25.Rfb1 Bf5 26.Rd1 Rd7 27.Re1 Rc7 28.Nc5 Bc8 29.Reb1 Ra7
30.f4 Ke7 31.e4 Nd7 32.Nd3 Ra3 33.Rd2 Rc3 34.Rc1 Rxc1+ 35.Nxc1 Nc5 36.Nb3 Na6
37.fxe5 Be6 38.Bf1 Rd7 39.Rxd7+ Kxd7 40.Kf2 Kc7 41.Ke3 c5  1/2-1/2

[Event "Alicante op"]
[Site "Alicante"]
[Date "1992.??.??"]
[Round "5"]
[White "Komljenovic, Davor"]
[Black "Topalov, Veselin"]
[Result "1/2-1/2"]
[WhiteElo "2495"]
[BlackElo "2460"]

1.d4 Nf6 2.c4 e6 3.Nf3 Bb4+ 4.Bd2 a5 5.g3 O-O 6.Bg2 d5 7.Qc2 Nc6 8.O-O Be7
9.Rd1 Ra6 10.a3 Bd7 11.cxd5 exd5 12.Nc3 g6 13.Bg5 Bf5 14.Qa4 Nd7 15.Bxe7 Nxe7
16.Ne5 c6 17.Nxd7 Qxd7 18.Qb3 Nc8 19.Na4 Qe7 20.e3 Nd6 21.Nc5  1/2-1/2

[Event "Wch U26"]
[Site "Antwerp"]
[Date "1992.??.??"]
[Round "8"]
[White "Bruch, Ingo"]
[Black "Genov, Petar"]
[Result "0-1"]
[WhiteElo "2285"]
[BlackElo "2460"]

1.d4 Nf6 2.c4 e6 3.Nf3 Bb4+ 4.Bd2 Qe7 5.g3 O-O 6.Bg2 Bxd2+ 7.Nbxd2 d6 8.e4 e5
9.d5 a5 10.O-O Bg4 11.h3 Bxf3 12.Qxf3 Na6 13.Qc3 Nc5 14.Rae1 Rfe8 15.f4 c6
16.dxc6 bxc6 17.f5 Reb8 18.b3 h6 19.Rf2 Qb7 20.g4 a4 21.Qg3 axb3 22.axb3 Ra2
23.Kh2 Qb4 24.Qe3 Rba8 25.Rb1 Rc2 26.Re2 Raa2  0-1

[Event "Auckland"]
[Site "Auckland"]
[Date "1992.??.??"]
[Round "1"]
[White "Rogers, Ian"]
[Black "Wallace, John Paul"]
[Result "1-0"]
[WhiteElo "2550"]
[BlackElo "2340"]

1.d4 Nf6 2.Nf3 e6 3.c4 Bb4+ 4.Bd2 Qe7 5.Nc3 Bxc3 6.Bxc3 Ne4 7.Rc1 O-O 8.g3 d6
9.Bg2 Nxc3 10.Rxc3 e5 11.O-O Nc6 12.d5 Nb8 13.b4 a5 14.Ra3 Ra6 15.Rxa5 Rxa5
16.bxa5 f5 17.Nd2 Nd7 18.Qc2 g5 19.Rc1 Nc5 20.Nb3 Rf6 21.Nxc5 dxc5 22.Rb1 Ra6
23.Rb5 Qd6 24.Qb3 b6 25.axb6 cxb6 26.Qb2 Bd7 27.Rb3 f4 28.Be4 h6 29.Kg2 Kf8
30.e3 fxg3 31.hxg3 Ke7 32.Qb1 Qf6 33.a3 Kd8 34.Qd3 Kc7 35.Rb1 h5 36.Rd1 Kd6
37.Rh1 h4 38.gxh4 gxh4 39.Rg1 Ra7 40.Kh1 Be8 41.Qb1 b5 42.Rg8 Qxf2 43.Rxe8 Rg7
44.Re6+ Kc7 45.d6+ Kd8 46.Bc6 Rg8 47.d7  1-0

[Event "Auckland"]
[Site "Auckland"]
[Date "1992.??.??"]
[Round "4"]
[White "Wallace, John Paul"]
[Black "Martin, Benjamin"]
[Result "0-1"]
[WhiteElo "2340"]
[BlackElo "2320"]

1.d4 Nf6 2.c4 e6 3.Nf3 Bb4+ 4.Bd2 Qe7 5.g3 O-O 6.Bg2 Bxd2+ 7.Qxd2 d6 8.Nc3 e5
9.O-O a5 10.e4 Bg4 11.Rfe1 Nc6 12.d5 Nb4 13.Re3 Bd7 14.Ne1 Ng4 15.Re2 f5
16.exf5 Bxf5 17.Ne4 Bxe4 18.Bxe4 Qf7 19.a3 Na6 20.Nd3 Qh5 21.h4 Nh6 22.b4 Nf5
23.Bxf5 Rxf5 24.Rae1 axb4 25.axb4 Raf8 26.Re4 Nb8 27.Qe2 Qg6 28.Rg4 Qf7 29.f4 h6
30.fxe5 dxe5 31.Re4 Nd7 32.b5 Qg6 33.Qg2 Rf3 34.R1e3 Qb6 35.c5 Nxc5 36.Rxf3 Nxe4+
37.Kh2 Nf6 38.Nxe5 Qxb5 39.Ng6 Rf7 40.Qa2 Qxd5 41.Qxd5 Nxd5 42.Rd3 c6 43.h5 Rf2+
44.Kg1 Rf5 45.Rb3 b5 46.g4 Rg5  0-1